Profituje sa z neistoty na akciových trhoch

Profil fondu Pioneer-Euro bond, otvorený podielový fond. Základné údaje o tomto fonde. Štátne dlhopisy a hypotekárne záložné listy. Porovnanie vybraných dlhopisových fondov pre bežných klientov. Rizikovosť fondov.

Salvato in:
Dettagli Bibliografici
Autore principale: Škriniar, Pavel, 1979-
Natura: Capitolo di libro
Lingua:slovacco
Soggetti:
Tags: Aggiungi Tag
Nessun Tag, puoi essere il primo ad aggiungerne!!

MARC

LEADER 00000naa$a2200000$$$4500
001 0075200
005 20240502071901.5
041 0 |a slo 
044 |a SK 
245 1 0 |a Profituje sa z neistoty na akciových trhoch  |c Pavel Škriniar 
520 |a Profil fondu Pioneer-Euro bond, otvorený podielový fond. Základné údaje o tomto fonde. Štátne dlhopisy a hypotekárne záložné listy. Porovnanie vybraných dlhopisových fondov pre bežných klientov. Rizikovosť fondov. 
610 2 0 |a akcie 
610 2 0 |a fondy podielové 
610 2 0 |a dlhopisy 
610 2 0 |a investície 
100 1 |a Škriniar, Pavel, 1979-